| 000 | 01176nam a22002537i 4500 | ||
|---|---|---|---|
| 999 |
_c22888 _d22888 |
||
| 003 | AR-CdUCM | ||
| 008 | 240509b20242024 pe||||| |||| 00| 0 spa d | ||
| 020 | _a978-612-49087-2-9 | ||
| 040 |
_aMUNICIPALIDAD PROVINCIAL DEL CUSCO _cBIBLIOTECA MUNICIPAL DEL CUSCO |
||
| 082 |
_a339.46 / M96A _bM96A |
||
| 100 |
_aMuñiz Caparó, Julio Gilberto. _924555 |
||
| 245 | _aEl Ayllu en la modernidad / | ||
| 260 |
_aLima : _bCorporación Khipu S.A.C., _c2024 |
||
| 300 |
_a198 páginas. : _c20 cm. |
||
| 500 | _zBibliografía: páginas 195 - 197 | ||
| 505 | _aEl Ayllu en la modernidad -- Una revolución democrática -- La discriminación y la exclusión -- El Perú como doctrina -- Vivir bien (Allin Kawsay) -- El Ayllu -- La Minka -- La importancia de la incorporación del Ayllu -- La revolución educativa -- El presupuesto en una democracia comunitaria -- La defensa de la persona humana -- La planificación | ||
| 650 |
_aEl Ayllu en la modernidad _949797 |
||
| 650 |
_aUna revolución democrática _949798 |
||
| 650 |
_aVivir bien (Allin Kawsay) _949799 |
||
| 650 |
_aEl Ayllu _949800 |
||
| 856 | _fwww.khipu.edu.pe | ||
| 942 |
_2ddc _cLIBROS |
||
| 945 |
_apbj _d2024-05-09 |
||